Moedas Mais Trocadas - Statistics

Estatísticas Gerais
  • Esse quiz foi jogado 5 603 vezes
  • A pontuação média é 15 de 34
Estatísticas das Respostas
Moeda % Correto
Dólar
99%
Euro
97%
Real
94%
Peso
82%
Libra
81%
Estados Unidos
74%
Brasil
68%
Reino Unido
64%
Canadá
61%
Iene
56%
Japão
55%
China
54%
México
53%
Austrália
52%
Rússia
51%
Índia
40%
Franco
37%
Suíça
37%
Coreia do Sul
35%
Nova Zelândia
32%
Rublo
32%
Yuan
31%
África do Sul
26%
Rupia
26%
Suécia
25%
Won
24%
Noruega
22%
Turquia
22%
Coroa
19%
Lira
16%
Singapura
10%
Zona do Euro
10%
Rand
9%
Hong Kong
5%
Nenhum quiz correspondente encontrado
Distribuição das Pontuações
Porcentagem de Pessoas com Cada Pontuação
Percentil de Números Respondidos
Sua Pontuação Histórica
Você não jogou esse quiz